| 000 | 00539nam a2200217Ia 4500 | ||
|---|---|---|---|
| 008 | 210210b2000 xxu||||| |||| 00| 0 eng d | ||
| 020 | _a81 219 0519 2 | ||
| 082 | _a651.3 PILC | ||
| 100 | _aPILLAI (R S N) | ||
| 245 | _aCommercial correspondence and office management | ||
| 260 |
_aND _bS. Chand & Co. Ltd. _c2000 |
||
| 300 | _a468 | ||
| 650 | _aoffice | ||
| 650 | _amanagement | ||
| 650 | _acorrespondence | ||
| 650 | _aCommercial | ||
| 650 | _aand | ||
| 690 | _aOffice Management | ||
| 700 | _aBAGAVATHI. | ||
| 906 | _a055783 | ||
| 999 |
_c103519 _d103519 |
||